000 00806nam a2200253 i 4500
001 47824
003 ES-MaACL
005 20250815062601.0
007 t|
008 030528s2001 mx ||||1| spa d
020 _a968-16-3155-2
080 _a930.9
100 1 _aTuchman, Barbara Wertheim (
_d1912-1989)
_9111624
245 1 3 _aLa marcha de la locura
_b: la sinrazón desde Troya hasta Vietnam /
_cBarbara W. Tuchman.
250 _a1ª ed., 1ª reimp.
260 _aMéxico :
_bFondo de Cultura Económica,
_c2001.
300 _a368 p., [32] p. de lám. ;
_c24 cm.
490 1 _aSección de obras de historia
650 0 0 _aPoder.
_916144
650 7 _aHistoria universal
_2embne
_913429
830 1 _aSección de obras de historia
_9179403
852 _aES-MaACL
_jL-26405
999 _c47824
_d47824